Lo que piensan los filósofos /

Antología de entrevistas sostenidas entre 1998 y 2002, con 22 pensadores contemporáneos acerca de su visión particular sobre darwinismo, ciencia, ética, religión, metafísica y lenguaje.

Gardado en:
Detalles Bibliográficos
Autor Principal: Baggini, Julian (autor)
Outros autores: Stangroom, Jeremy (autor) (autor)
Formato: Libro
Idioma:Lingua castelá
Publicado: Madrid, España : Paidós, 2011, c2011
Temas:
Etiquetas: Engadir etiqueta
Sen Etiquetas, Sexa o primeiro en etiquetar este rexistro!

MARC

LEADER 00000nam^a2200000^a^4500
001 000316182
005 20250521000000.0
009 20260310113306.204
020 |a 978-84-493-2543-4 
037 |a Acervo ITESO - Biblioteca 
041 |a ESP 
082 |a 101.  |b BAG 
100 |a Baggini, Julian  |e (autor) 
245 1 0 |a Lo que piensan los filósofos /  |c Ed. de J. Baggini, J. Stangroom ; tr. por Pablo Hermida Lazcano. 
264 4 |a Madrid, España :  |b Paidós,  |c 2011, c2011 
300 |a 248 p. 
336 |a texto  |b txt  |2 rdacontenido 
337 |a sin mediación  |b n  |2 rdamedio 
338 |a volumen  |b nc  |2 rdasoporte 
500 |a Traducción de: What Philosophers Think 
520 |a Antología de entrevistas sostenidas entre 1998 y 2002, con 22 pensadores contemporáneos acerca de su visión particular sobre darwinismo, ciencia, ética, religión, metafísica y lenguaje. 
649 |a XX 
650 |a Filósofos -  |x Entrevistas 
650 |a Etica 
650 |a Metafísica 
650 |a Evolución 
650 |a Filosofía del Lenguaje 
650 |a Epistemología 
650 |a Filosofía del Siglo XX 
650 |a Filosofía -  |x Teoría -  |x Tema Principal 
700 |a Stangroom, Jeremy  |e (autor) 
910 |a Fondo General 
920 |a Impresos - Libros 
930 |a Colección General 
905 |a 101 
901 |a 0500203005  |b IT1  |c ACC  |i C129918  |u 20250521 
902 |a https://opac.biblio.iteso.mx/vufind/Record/000316182